[Event "Mittelfr. EM 2011 - Hauptturnier"]
[Site "Büchenbach"]
[Date "2011.04.21"]
[Round "5.10"]
[White "Pokorny, Klaus"]
[Black "Hauernherm, Wolfgang"]
[Result "1-0"]
[WhiteElo "1961"]
[BlackElo "2092"]
[PlyCount "85"]
[EventDate "2011.??.??"]
[WhiteTeam "TSV Kirchehrenbach"]
[BlackTeam "SV Lauf a.d.P."]

1. c4 e5 2. Nc3 Nc6 3. g3 g6 4. Bg2 Bg7 5. e4 d6 6. d3 Nge7 7. Nge2 O-O 8. O-O
Be6 9. Rb1 a6 10. b4 b5 11. cxb5 axb5 12. Nxb5 Rxa2 13. Ba3 Nd4 14. Nbxd4 exd4
15. Ra1 Rxa1 16. Qxa1 Nc6 17. f4 Qb8 18. Qb2 Qb5 19. e5 dxe5 20. Bxc6 Qxc6 21.
b5 Qd5 22. Bxf8 Bxf8 23. fxe5 Qxe5 24. Nf4 Bf5 25. Qf2 h5 26. Nxh5 Qxb5 27. g4
Be6 28. Nf6+ Kg7 29. Qh4 Bd6 30. Qh7+ Kf8 31. Qg8+ Ke7 32. Qa8 Be5 33. Qf3 Qb2
34. Rf2 Qc1+ 35. Kg2 Qg5 36. Ng8+ Kf8 37. Nf6 Bxf6 38. Qxf6 Qxg4+ 39. Kf1 Qd1+
40. Kg2 Bd5+ 41. Kg3 Qxd3+ 42. Kh4 Be6 43. Qxe6 1-0

[Event "Mittelfr. EM 2011 - Hauptturnier"]
[Site "Büchenbach"]
[Date "2011.04.21"]
[Round "5.11"]
[White "Fischer, Gerd"]
[Black "Luther, Helmut"]
[Result "1/2-1/2"]
[WhiteElo "2078"]
[BlackElo "1999"]
[PlyCount "92"]
[EventDate "2011.??.??"]
[WhiteTeam "FC Gunzenhausen 1910 e.V"]
[BlackTeam "SW Nürnberg Süd e.V."]

1. e4 d5 2. exd5 Qxd5 3. Nc3 Qa5 4. d4 Nf6 5. Bd2 c6 6. Nf3 Bf5 7. Bc4 e6 8.
O-O Qc7 9. Re1 Be7 10. Ne2 Bd6 11. Ne5 Nbd7 12. Ng3 Bg6 13. Qe2 O-O-O 14. Bg5
Rde8 15. h3 Nd5 16. Nxg6 hxg6 17. Ne4 Be7 18. Bd2 Rh5 19. Qg4 Reh8 20. Qg3 Qxg3
21. Nxg3 Rh4 22. c3 N5f6 23. Bg5 R4h7 24. Rad1 Bd6 25. Rd3 Nb6 26. Bb3 Nbd7 27.
Rf3 Bc7 28. Ne4 Nxe4 29. Rxe4 f6 30. Be3 e5 31. dxe5 Nxe5 32. Be6+ Kb8 33. Rg3
g5 34. Bd4 Re8 35. Bb3 Rhh8 36. Rge3 b6 37. c4 c5 38. Bc3 Ka8 39. Bc2 a5 40.
Re1 Kb8 41. b3 Kc8 42. R4e3 Rh4 43. g3 Rhh8 44. Kg2 Kb8 45. Be4 Rhf8 46. Bd5
Rh8 1/2-1/2

[Event "Mittelfr. EM 2011 - Hauptturnier"]
[Site "Büchenbach"]
[Date "2011.04.21"]
[Round "5.12"]
[White "Leis, Stefan"]
[Black "Vasilache, Catalin"]
[Result "1/2-1/2"]
[WhiteElo "1922"]
[BlackElo "2101"]
[PlyCount "59"]
[EventDate "2011.??.??"]
[WhiteTeam "SC Mühlhof-Reichelsdorf e.V."]
[BlackTeam "SG Büchenbach/Roth e.V."]

1. Nf3 Nf6 2. g3 b6 3. Bg2 Bb7 4. d4 e6 5. O-O Be7 6. c4 O-O 7. Nc3 d5 8. Ne5
c5 9. dxc5 bxc5 10. b3 Nbd7 11. Nd3 Rc8 12. Qc2 Qb6 13. Na4 Qc7 14. cxd5 Bxd5
15. Nab2 Qb7 16. f3 Qb5 17. Be3 Nb6 18. Ne5 c4 19. bxc4 Nxc4 20. Nbxc4 Bxc4 21.
Nxc4 Rxc4 22. Qb3 Rb4 23. Qd3 Qb8 24. Rfb1 Nd5 25. Rxb4 Bxb4 26. Bd4 Qc7 27. a3
Bc5 28. e4 Qe5 29. Rd1 Nb6 30. Kh1 1/2-1/2

[Event "Mittelfr. EM 2011 - Hauptturnier"]
[Site "Büchenbach"]
[Date "2011.04.21"]
[Round "5.13"]
[White "Werner, Thomas"]
[Black "Mättig, Stefan"]
[Result "0-1"]
[WhiteElo "2019"]
[BlackElo "2088"]
[PlyCount "68"]
[EventDate "2011.??.??"]
[WhiteTeam "SW Nürnberg Süd e.V."]
[BlackTeam "SC Noris-Tarrasch Nürnberg 1873"]

1. d4 d6 2. c4 Nf6 3. Nc3 g6 4. e4 Bg7 5. Nf3 O-O 6. Be2 Nc6 7. O-O e5 8. d5
Ne7 9. b4 Nd7 10. Re1 f5 11. Ng5 Nf6 12. Bf3 a5 13. Ba3 fxe4 14. Ngxe4 Nxe4 15.
Nxe4 Nf5 16. c5 Rf7 17. cxd6 cxd6 18. bxa5 Bf8 19. Bb4 Nd4 20. Re3 Bf5 21. Rb1
Rc8 22. g4 Nxf3+ 23. Qxf3 Bxe4 24. Qxe4 Rf4 25. Qg2 Rxb4 26. Rxb4 Rc1+ 27. Qf1
Rxf1+ 28. Kxf1 Qxa5 29. Reb3 Qxa2 30. Rxb7 Qd2 31. R3b5 Qd1+ 32. Kg2 Qxg4+ 33.
Kf1 Qf3 34. Kg1 h5 0-1

[Event "Mittelfr. EM 2011 - Hauptturnier"]
[Site "Büchenbach"]
[Date "2011.04.21"]
[Round "5.14"]
[White "Bolten, Daniel"]
[Black "Leopold, Christian"]
[Result "0-1"]
[WhiteElo "1889"]
[BlackElo "2057"]
[PlyCount "78"]
[EventDate "2011.??.??"]
[WhiteTeam "SW Nürnberg Süd e.V."]
[BlackTeam "SV Lauf a.d.P."]

1. d4 d6 2. Nf3 Nf6 3. g3 g6 4. Bg2 Bg7 5. c4 O-O 6. Nc3 c6 7. e4 Qc7 8. O-O e5
9. h3 Nbd7 10. Be3 Re8 11. d5 a6 12. a4 c5 13. Qd2 Nf8 14. a5 Bd7 15. Rfb1 Reb8
16. Qd3 b6 17. axb6 Rxb6 18. Nd2 Qb7 19. b3 Ne8 20. Na4 Rb4 21. Nxc5 dxc5 22.
Bxc5 Bf6 23. Bxb4 Qxb4 24. Nf1 Be7 25. Ne3 a5 26. Kh2 Bc5 27. h4 Nd6 28. Bh3
Qb8 29. Bxd7 Nxd7 30. Kg2 Bd4 31. b4 Bxa1 32. c5 axb4 33. cxd6 Qxd6 34. Nc2 Bc3
35. Qc4 Qc5 36. Qb3 Rb8 37. Rd1 Qb5 38. d6 Qe2 39. Ne3 Bd4 0-1

[Event "Mittelfr. EM 2011 - Hauptturnier"]
[Site "Büchenbach"]
[Date "2011.04.21"]
[Round "5.15"]
[White "Erlbeck, Peter"]
[Black "Schlötterer, Hermann"]
[Result "1-0"]
[WhiteElo "2105"]
[BlackElo "1971"]
[PlyCount "85"]
[EventDate "2011.??.??"]
[WhiteTeam "SW Nürnberg Süd e.V."]
[BlackTeam "SC Noris-Tarrasch Nürnberg 1873"]

1. f4 c5 2. Nf3 d5 3. b3 Nf6 4. Bb2 Qb6 5. e3 Bg4 6. h3 Bxf3 7. Qxf3 Nbd7 8. g4
h6 9. Nc3 e6 10. a4 Be7 11. a5 Qc7 12. a6 b6 13. Nb5 Qc6 14. Bd3 Ne4 15. h4 Bf6
16. Bxf6 gxf6 17. c4 f5 18. gxf5 exf5 19. cxd5 Qf6 20. Ke2 Rg8 21. Bxe4 fxe4
22. Qxe4+ Kf8 23. Rag1 Rxg1 24. Rxg1 Qxh4 25. Qg2 Nf6 26. Qg7+ Ke7 27. d6+ Ke6
28. Nc7+ Kxd6 29. Nxa8 Qh5+ 30. Ke1 Qf5 31. Qxf7 Qb1+ 32. Ke2 Qxg1 33. Qxf6+
Kd7 34. Qf7+ Kd6 35. Nc7 Qg2+ 36. Kd1 Qf3+ 37. Kc1 Qh1+ 38. Kb2 Qf1 39. Ne8+
Kc6 40. Qe6+ Kb5 41. Qd7+ Kxa6 42. Nc7+ Kb7 43. Nb5+ 1-0

[Event "Mittelfr. EM 2011 - Hauptturnier"]
[Site "Büchenbach"]
[Date "2011.04.21"]
[Round "5.16"]
[White "Schanz, Karlheinz"]
[Black "Alt, Norbert"]
[Result "1/2-1/2"]
[WhiteElo "1929"]
[BlackElo "1880"]
[PlyCount "79"]
[EventDate "2011.??.??"]
[WhiteTeam "SC Mühlhof-Reichelsdorf e.V."]
[BlackTeam "FC Pleinfeld VfL"]

1. e4 e6 2. f4 d5 3. e5 c5 4. Nf3 Nc6 5. c3 Nge7 6. d3 Qb6 7. Na3 Bd7 8. Nc2
O-O-O 9. d4 cxd4 10. cxd4 f6 11. Bd3 Ng6 12. a3 Na5 13. b4 Nc4 14. Qe2 Qc7 15.
O-O Kb8 16. g3 Be7 17. Ne3 Nxe3 18. Bxe3 Rc8 19. Rfc1 Qb6 20. Nd2 Ba4 21. Nf3
a6 22. Kg2 f5 23. Qd2 Rxc1 24. Rxc1 Rc8 25. Ne1 Rc6 26. Be2 Qc7 27. Nd3 Rxc1
28. Qxc1 Qxc1 29. Bxc1 Bb5 30. Kf2 Kc7 31. Ke3 Bxd3 32. Bxd3 Nf8 33. Kf3 b5 34.
g4 g6 35. g5 Nd7 36. h4 Nb6 37. Ke2 Nc4 38. Kd1 Kb6 39. Kc2 a5 40. Kb3 1/2-1/2

[Event "Mittelfr. EM 2011 - Hauptturnier"]
[Site "Büchenbach"]
[Date "2011.04.21"]
[Round "5.17"]
[White "Häßlein, Rainer"]
[Black "Keller, Werner"]
[Result "0-1"]
[WhiteElo "1552"]
[BlackElo "1693"]
[PlyCount "110"]
[EventDate "2011.??.??"]
[WhiteTeam "SAbt Wolframs-Eschenbach"]
[BlackTeam "SW Nürnberg Süd e.V."]

1. e4 d6 2. f4 e6 3. Nf3 g6 4. d4 Bg7 5. e5 c5 6. c3 cxd4 7. cxd4 Nc6 8. Nc3 a6
9. Rb1 dxe5 10. fxe5 Nge7 11. Bd3 O-O 12. Bc2 b5 13. O-O Qb6 14. Be3 Nxe5 15.
Nxe5 Bxe5 16. Qf3 Bxd4 17. Bxd4 Qxd4+ 18. Kh1 Rb8 19. Rbd1 Qg7 20. Ne4 Bb7 21.
Nf6+ Kh8 22. Qh3 Rfd8 23. Rde1 Nd5 24. Qxh7+ Qxh7 25. Nxh7 Kg7 26. Ng5 Rd7 27.
Kg1 Re7 28. Rf2 Nb4 29. Bb1 Bd5 30. a3 Nc6 31. Rfe2 Rbe8 32. Nh3 e5 33. Nf2 Nd4
34. Rd2 f5 35. Nd3 Kf6 36. Kf1 Bc4 37. Kf2 Nb3 38. Rde2 e4 39. Nf4 g5 40. Nh5+
Kg6 41. Re3 Kxh5 42. g4+ Kxg4 43. Bc2 Nd4 44. Bd1+ Kf4 45. Bh5 Rh8 46. Rh3 Nc2
47. Rf3+ Ke5 48. Bg6 Rf8 49. Rxe4+ Kxe4 50. Rc3 Bd3 51. h4 Rf6 52. h5 Kd4 53.
a4 Re2+ 54. Kg1 Ne1 55. Rc1 Nf3+ 0-1

[Event "Mittelfr. EM 2011 - Hauptturnier"]
[Site "Büchenbach"]
[Date "2011.04.21"]
[Round "6.1"]
[White "Heimrath, Reiner"]
[Black "Hirn, Oskar"]
[Result "1/2-1/2"]
[WhiteElo "2259"]
[BlackElo "2243"]
[PlyCount "26"]
[EventDate "2011.??.??"]
[WhiteTeam "SC Noris-Tarrasch Nürnberg 1873"]
[BlackTeam "SC Noris-Tarrasch Nürnberg 1873"]

1. e4 c5 2. Nf3 Nc6 3. Bb5 g6 4. O-O Bg7 5. Re1 d6 6. c3 a6 7. Bf1 e5 8. Na3
Nge7 9. Nc2 O-O 10. d4 exd4 11. cxd4 Bg4 12. dxc5 dxc5 13. Qxd8 Rfxd8 1/2-1/2

[Event "Mittelfr. EM 2011 - Hauptturnier"]
[Site "Büchenbach"]
[Date "2011.04.21"]
[Round "6.2"]
[White "Meulner, Klaus"]
[Black "Seibold, Hubert"]
[Result "1-0"]
[WhiteElo "2119"]
[BlackElo "2186"]
[PlyCount "141"]
[EventDate "2011.??.??"]
[WhiteTeam "SW Nürnberg Süd e.V."]
[BlackTeam "SK Zirndorf e.V."]

1. Nf3 d5 2. c4 c6 3. g3 Nf6 4. Bg2 g6 5. O-O Bg7 6. d4 O-O 7. Qb3 Nbd7 8. cxd5
cxd5 9. Nc3 e6 10. Bf4 a6 11. Rac1 Ne4 12. Nxe4 dxe4 13. Ng5 Qb6 14. Qxb6 Nxb6
15. Bd6 Re8 16. Nxe4 f5 17. Bc5 Nd5 18. Nc3 Rd8 19. Na4 Rb8 20. Nb6 Nxb6 21.
Bxb6 Rd7 22. e3 Rf7 23. Bc7 Ra8 24. Bf4 h6 25. h4 Kh7 26. Rc2 e5 27. Bxe5 Bxe5
28. dxe5 Be6 29. a3 g5 30. hxg5 hxg5 31. Rd2 f4 32. Be4+ Kg7 33. Rd6 Re8 34.
exf4 gxf4 35. Kg2 Bc4 36. Rh1 Rxe5 37. Rh7+ Kf8 38. Rxf7+ Kxf7 39. Bxb7 fxg3
40. Kxg3 a5 41. Rd4 Be6 42. b4 Kf6 43. Bc6 axb4 44. axb4 Re1 45. Kf4 Re5 46.
Re4 Rh5 47. Ke3 Rh3+ 48. f3 Rh2 49. Kd4 Rc2 50. Bb5 Bc8 51. Re2 Rc1 52. Bd3 Bb7
53. Rb2 Rd1 54. b5 Ke7 55. f4 Kd6 56. Rh2 Bc8 57. Rh6+ Kc7 58. Kc3 Kb8 59. Rh8
Rc1+ 60. Kd2 Rc5 61. Ke3 Kc7 62. Kd4 Rc1 63. Bc4 Bd7 64. Rh6 Re1 65. b6+ Kb8
66. Bd5 Bc8 67. Rh8 Re4+ 68. Kc5 Re8 69. Rh7 Be6 70. Bc6 Rf8 71. Ra7 1-0

[Event "Mittelfr. EM 2011 - Hauptturnier"]
[Site "Büchenbach"]
[Date "2011.04.21"]
[Round "6.4"]
[White "Miller, Eduard"]
[Black "Wittmann, Helmut"]
[Result "1-0"]
[WhiteElo "2098"]
[BlackElo "2077"]
[PlyCount "45"]
[EventDate "2011.??.??"]
[WhiteTeam "SC Forchheim e.V."]
[BlackTeam "BSG Wöhrlhaus Erlangen"]

1. d4 Nf6 2. c4 e6 3. Nc3 Bb4 4. Qc2 d5 5. a3 Bxc3+ 6. Qxc3 c5 7. dxc5 d4 8.
Qc2 Nc6 9. b4 Qc7 10. e3 O-O 11. Nf3 e5 12. Bd3 dxe3 13. Bxe3 Re8 14. Ng5 Nd4
15. Qb1 e4 16. Nxe4 Rxe4 17. Bxe4 Qe5 18. Qd1 Nc2+ 19. Bxc2 Qc3+ 20. Ke2 Bg4+
21. f3 Be6 22. Bd3 Re8 23. Qd2 1-0

[Event "Mittelfr. EM 2011 - Hauptturnier"]
[Site "Büchenbach"]
[Date "2011.04.21"]
[Round "6.5"]
[White "Pokorny, Klaus"]
[Black "Wagner, Florian"]
[Result "1/2-1/2"]
[WhiteElo "1961"]
[BlackElo "2258"]
[PlyCount "118"]
[EventDate "2011.??.??"]
[WhiteTeam "TSV Kirchehrenbach"]
[BlackTeam "SC Noris-Tarrasch Nürnberg 1873"]

1. c4 c5 2. Nc3 Nf6 3. g3 d5 4. cxd5 Nxd5 5. Bg2 Nc7 6. d3 e5 7. e3 Be7 8. Nge2
Nc6 9. O-O O-O 10. a3 Rb8 11. Rb1 Be6 12. Qc2 Qd7 13. Rd1 Rfc8 14. Bxc6 Qxc6
15. d4 cxd4 16. exd4 Bh3 17. Qe4 Qxe4 18. Nxe4 Bg4 19. Re1 Bxe2 20. Rxe2 exd4
21. Bf4 Ra8 22. Nd2 Ne6 23. Nf3 Bf6 24. Be5 Bxe5 25. Nxe5 Rc7 26. Rd1 Rd8 27.
f4 g6 28. Kf2 Rd6 29. Nf3 f6 30. Red2 Rcd7 31. Rd3 Kf7 32. R1d2 a5 33. Rc2 b6
34. Rcd2 Nc5 35. Rxd4 Rxd4 36. Rxd4 Rxd4 37. Nxd4 Nd3+ 38. Ke3 Nxb2 39. Ke4 Nc4
40. Nb5 Ke6 41. Kd3 Nb2+ 42. Kd4 h5 43. Nc7+ Kf5 44. Nd5 g5 45. Ne3+ Ke6 46.
f5+ Kf7 47. Kc3 Na4+ 48. Kc4 Ke7 49. Nd5+ Kd6 50. Nxf6 Ke5 51. Nxh5 Kxf5 52. h3
Ke4 53. Kb5 Nb2 54. a4 Kf3 55. h4 gxh4 56. gxh4 Kg4 57. Kxb6 Kxh4 58. Kxa5 Nxa4
59. Kxa4 Kxh5 1/2-1/2

[Event "Mittelfr. EM 2011 - Hauptturnier"]
[Site "Büchenbach"]
[Date "2011.04.21"]
[Round "6.6"]
[White "Saathoff, Richard"]
[Black "Strobel, Norbert"]
[Result "1/2-1/2"]
[WhiteElo "2146"]
[BlackElo "2008"]
[PlyCount "35"]
[EventDate "2011.??.??"]
[WhiteTeam "SW Nürnberg Süd e.V."]
[BlackTeam "SK Zirndorf e.V."]

1. e4 g6 2. d4 Bg7 3. Nc3 d6 4. Bg5 h6 5. Be3 a6 6. Qd2 Nf6 7. f3 Nbd7 8. Nh3
c5 9. Rd1 Qa5 10. Be2 cxd4 11. Bxd4 O-O 12. O-O Ne5 13. Nf2 Be6 14. Qe3 Nc4 15.
Bxc4 Bxc4 16. Nd3 Rae8 17. Rfe1 Bxd3 18. Qxd3 1/2-1/2

[Event "Mittelfr. EM 2011 - Hauptturnier"]
[Site "Büchenbach"]
[Date "2011.04.21"]
[Round "6.7"]
[White "Rosin, Ralf"]
[Black "Hofer, Markus"]
[Result "1/2-1/2"]
[WhiteElo "2049"]
[BlackElo "2042"]
[PlyCount "34"]
[EventDate "2011.??.??"]
[WhiteTeam "FSV Großenseebach"]
[BlackTeam "SG Büchenbach/Roth e.V."]

1. d4 d5 2. Nf3 Nf6 3. e3 g6 4. Bd3 Bg7 5. O-O O-O 6. Ne5 Nbd7 7. f4 Ne4 8. Nd2
Ndf6 9. c3 Bf5 10. g4 Nxd2 11. Bxd2 Bxd3 12. Nxd3 Ne4 13. Be1 e6 14. Kg2 b6 15.
Bg3 c5 16. a4 Rc8 17. Qe2 f5 1/2-1/2

[Event "Mittelfr. EM 2011 - Hauptturnier"]
[Site "Büchenbach"]
[Date "2011.04.21"]
[Round "6.8"]
[White "Rausch, Wolfgang jr"]
[Black "Mättig, Stefan"]
[Result "1-0"]
[WhiteElo "2182"]
[BlackElo "2088"]
[PlyCount "80"]
[EventDate "2011.??.??"]
[WhiteTeam "SC Noris-Tarrasch Nürnberg 1873"]
[BlackTeam "SC Noris-Tarrasch Nürnberg 1873"]

1. d4 Nf6 2. Bg5 Ne4 3. Bf4 d5 4. f3 Nd6 5. Nc3 e6 6. e4 c6 7. Bd3 Qb6 8. Nge2
Be7 9. b3 a6 10. a4 a5 11. g4 f6 12. Qd2 Nf7 13. exd5 cxd5 14. Nb5 Na6 15. c3
Bd7 16. Be3 Nc7 17. Nxc7+ Qxc7 18. h4 e5 19. Kf2 e4 20. fxe4 dxe4 21. Bxe4 Bxg4
22. Nf4 Nd6 23. Bg2 Nf5 24. Rae1 O-O 25. Rhg1 Rad8 26. Be4 Qd7 27. Bd5+ Kh8 28.
Be6 Qe8 29. Rxg4 Nd6 30. Kg1 g5 31. Ng2 f5 32. Rxg5 Bxg5 33. Bxg5 Ne4 34. Rxe4
fxe4 35. d5 Kg7 36. Qd4+ Kg6 37. Qxe4+ Kg7 38. Qe5+ Kg6 39. Nf4+ Rxf4 40. Bxf4
h6 1-0

[Event "Mittelfr. EM 2011 - Hauptturnier"]
[Site "Büchenbach"]
[Date "2011.04.21"]
[Round "6.9"]
[White "Leopold, Christian"]
[Black "Erlbeck, Peter"]
[Result "1/2-1/2"]
[WhiteElo "2057"]
[BlackElo "2105"]
[PlyCount "38"]
[EventDate "2011.??.??"]
[WhiteTeam "SV Lauf a.d.P."]
[BlackTeam "SW Nürnberg Süd e.V."]

1. e4 c5 2. Nc3 Nc6 3. g3 g6 4. Bg2 Bg7 5. d3 d6 6. Be3 e6 7. Qd2 Nd4 8. Nd1 h5
9. c3 Nc6 10. h3 Nge7 11. Ne2 Rb8 12. O-O b6 13. d4 Ba6 14. Re1 e5 15. d5 Na5
16. b3 h4 17. Kh2 Bc8 18. g4 f5 19. f3 f4 1/2-1/2

[Event "Mittelfr. EM 2011 - Hauptturnier"]
[Site "Büchenbach"]
[Date "2011.04.21"]
[Round "6.10"]
[White "Wörl, Richard"]
[Black "Fischer, Gerd"]
[Result "1/2-1/2"]
[WhiteElo "2005"]
[BlackElo "2078"]
[PlyCount "41"]
[EventDate "2011.??.??"]
[WhiteTeam "SW Nürnberg Süd e.V."]
[BlackTeam "FC Gunzenhausen 1910 e.V"]

1. e4 b6 2. d4 e6 3. Bd3 Bb7 4. Ne2 c5 5. c3 Nf6 6. f3 d6 7. O-O Nbd7 8. Bg5
Be7 9. Nd2 h6 10. Bh4 g5 11. Bf2 e5 12. Ng3 a6 13. Nf5 b5 14. Be3 Nh5 15. g3
Nhf6 16. d5 Bf8 17. b4 c4 18. Bc2 Nb6 19. Qe1 Bc8 20. Qf2 Rb8 21. Bxb6 1/2-1/2

[Event "Mittelfr. EM 2011 - Hauptturnier"]
[Site "Büchenbach"]
[Date "2011.04.21"]
[Round "6.11"]
[White "Luther, Helmut"]
[Black "Röder, Gerd"]
[Result "1/2-1/2"]
[WhiteElo "1999"]
[BlackElo "2237"]
[PlyCount "58"]
[EventDate "2011.??.??"]
[WhiteTeam "SW Nürnberg Süd e.V."]
[BlackTeam "SV Altensittenbach"]

1. d4 d5 2. Nf3 Nf6 3. g3 Bf5 4. Bg2 h6 5. O-O e6 6. c4 c6 7. b3 Nbd7 8. Bb2
Be7 9. Nbd2 O-O 10. Kh1 Qb8 11. Rc1 a5 12. a4 b6 13. Ne1 Ra7 14. f3 Bg6 15. e4
Rc8 16. e5 Ne8 17. f4 Nc7 18. Qe2 Nf8 19. g4 f5 20. exf6 Bxf6 21. Nef3 Na6 22.
g5 Be7 23. gxh6 gxh6 24. Ne5 Be8 25. Bh3 Bf6 26. Rg1+ Kh8 27. Rg2 Rcc7 28. Rcg1
Rg7 29. Rxg7 Bxg7 1/2-1/2

[Event "Mittelfr. EM 2011 - Hauptturnier"]
[Site "Büchenbach"]
[Date "2011.04.21"]
[Round "6.12"]
[White "Eiber, Manfred"]
[Black "Vasilache, Catalin"]
[Result "1/2-1/2"]
[WhiteElo "2186"]
[BlackElo "2101"]
[PlyCount "84"]
[EventDate "2011.??.??"]
[WhiteTeam "SW Nürnberg Süd e.V."]
[BlackTeam "SG Büchenbach/Roth e.V."]

1. d4 d5 2. Nf3 Nf6 3. Bf4 c6 4. e3 Bf5 5. c4 dxc4 6. Bxc4 e6 7. O-O Be7 8. Nc3
O-O 9. h3 Nbd7 10. Nh4 Bg6 11. Nxg6 hxg6 12. Be2 Qa5 13. a3 Nd5 14. Nxd5 cxd5
15. b4 Qb6 16. a4 a5 17. bxa5 Qxa5 18. Qb3 b6 19. Bb5 Nf6 20. Bc6 Rac8 21. Rfc1
Ne4 22. Rab1 Bd8 23. Qb4 Nd2 24. Qxa5 bxa5 25. Rb2 Nc4 26. Bd7 Ra8 27. e4 Nb6
28. exd5 Nxd5 29. Bd6 Bf6 30. Bxf8 Kxf8 31. Rc4 Kg8 32. Rb5 Ra7 33. Bc6 Ne7 34.
Be4 Kh7 35. Kf1 Nf5 36. g4 Nd6 37. Bd3 Nxc4 38. Bxc4 Bxd4 39. Ke2 Bc3 40. Bd3
Ra8 41. Rb7 Kg8 42. Be4 Rd8 1/2-1/2

[Event "Mittelfr. EM 2011 - Hauptturnier"]
[Site "Büchenbach"]
[Date "2011.04.21"]
[Round "6.13"]
[White "Walter, Thomas"]
[Black "Leis, Stefan"]
[Result "1-0"]
[WhiteElo "2158"]
[BlackElo "1922"]
[PlyCount "120"]
[EventDate "2011.??.??"]
[WhiteTeam "SC Erlangen 48/88 e.V."]
[BlackTeam "SC Mühlhof-Reichelsdorf e.V."]

1. e4 c5 2. Nf3 d6 3. d4 cxd4 4. Nxd4 Nf6 5. Nc3 g6 6. f4 Nc6 7. Nxc6 bxc6 8.
e5 Nd7 9. exd6 exd6 10. Qd4 Qf6 11. Be3 Bg7 12. O-O-O d5 13. Qd2 O-O 14. Bd4
Qxd4 15. Qxd4 Bxd4 16. Rxd4 Nb6 17. Na4 Bf5 18. Nc5 Nd7 19. Nxd7 Bxd7 20. Be2
Be6 21. Bf3 Rfd8 22. Rhd1 Rd7 23. c4 Rc8 24. R4d2 Rdc7 25. Kc2 Kg7 26. g4 dxc4
27. Kc3 Kf6 28. Rd4 Rb8 29. Rd6 Rb6 30. R1d2 Rc8 31. Be2 Kg7 32. h3 Rcb8 33.
Bf3 Rc8 34. Be4 Kf8 35. f5 Bd5 36. Bxd5 cxd5 37. Rxb6 axb6 38. Rxd5 Ke7 39.
fxg6 hxg6 40. Rd4 f5 41. gxf5 gxf5 42. Rxc4 Rg8 43. Rc6 Rg3+ 44. Kd4 b5 45. Rb6
Rxh3 46. Ke5 f4 47. Rb7+ Kd8 48. Kxf4 Rh5 49. Ke3 Kc8 50. Rf7 Rd5 51. a3 b4 52.
a4 Rh5 53. Kd3 Ra5 54. b3 Rc5 55. Rf3 Kb7 56. Kd4 Rc1 57. Rf5 Kc6 58. Rb5 Rd1+
59. Kc4 Rh1 60. Kxb4 Rh4+ 1-0

[Event "Mittelfr. EM 2011 - Hauptturnier"]
[Site "Büchenbach"]
[Date "2011.04.21"]
[Round "6.14"]
[White "Hauernherm, Wolfgang"]
[Black "Werner, Thomas"]
[Result "1/2-1/2"]
[WhiteElo "2092"]
[BlackElo "2019"]
[PlyCount "49"]
[EventDate "2011.??.??"]
[WhiteTeam "SV Lauf a.d.P."]
[BlackTeam "SW Nürnberg Süd e.V."]

1. d4 d5 2. Nf3 Nf6 3. e3 e6 4. Bd3 c5 5. c3 Bd6 6. Nbd2 Nc6 7. O-O O-O 8. Qe2
Qc7 9. dxc5 Bxc5 10. e4 dxe4 11. Nxe4 Nxe4 12. Bxe4 Bd6 13. Rd1 f5 14. Bc2 Kh8
15. g3 e5 16. Ng5 Be7 17. Qh5 Bxg5 18. Bxg5 Be6 19. Rd2 Rae8 20. Rad1 h6 21.
Rd6 Nd4 22. Bf6 gxf6 23. Qxh6+ Kg8 24. Qg6+ Kh8 25. Qh6+ 1/2-1/2

[Event "Mittelfr. EM 2011 - Hauptturnier"]
[Site "Büchenbach"]
[Date "2011.04.21"]
[Round "6.15"]
[White "Keller, Werner"]
[Black "Bolten, Daniel"]
[Result "0-1"]
[WhiteElo "1693"]
[BlackElo "1889"]
[PlyCount "98"]
[EventDate "2011.??.??"]
[WhiteTeam "SW Nürnberg Süd e.V."]
[BlackTeam "SW Nürnberg Süd e.V."]

1. Nf3 d5 2. g3 g6 3. Bg2 Bg7 4. d3 Nf6 5. O-O Bg4 6. Ne5 Be6 7. f4 Nbd7 8. Nf3
c6 9. Nbd2 Qb6+ 10. d4 Ng4 11. Nb3 a5 12. a4 c5 13. e3 c4 14. h3 cxb3 15. hxg4
bxc2 16. Qxc2 Bxg4 17. Bd2 Bf5 18. Qc1 O-O 19. Nh4 Bd3 20. Rf2 Rfc8 21. Bc3 Nf6
22. Qd1 Be4 23. Bh3 e6 24. g4 Qd8 25. g5 Nd7 26. Qg4 Nb6 27. Qg3 Qd7 28. Raf1
Bf5 29. Bxf5 exf5 30. Be1 Qxa4 31. Nf3 Nd7 32. Rh2 Rc2 33. Rxc2 Qxc2 34. Rf2
Qb3 35. Qh4 Qxe3 36. Bd2 Qb3 37. Bc3 b5 38. Rh2 b4 39. Ne5 Nxe5 40. Qxh7+ Kf8
41. fxe5 bxc3 42. bxc3 Qxc3 43. Qh4 Rb8 44. Re2 Rb1+ 45. Kf2 Rb2 46. Qf4 Rxe2+
47. Kxe2 Qc2+ 48. Kf1 Qe4 49. Qd2 Qh1+ 0-1

[Event "Mittelfr. EM 2011 - Hauptturnier"]
[Site "Büchenbach"]
[Date "2011.04.21"]
[Round "6.16"]
[White "Schlötterer, Hermann"]
[Black "Schanz, Karlheinz"]
[Result "0-1"]
[WhiteElo "1971"]
[BlackElo "1929"]
[PlyCount "216"]
[EventDate "2011.??.??"]
[WhiteTeam "SC Noris-Tarrasch Nürnberg 1873"]
[BlackTeam "SC Mühlhof-Reichelsdorf e.V."]

1. d4 d5 2. g3 Bf5 3. Bg2 e6 4. Nf3 h6 5. O-O Nf6 6. c4 c6 7. b3 Nbd7 8. Nc3
Bd6 9. Bb2 O-O 10. Nd2 Re8 11. e4 dxe4 12. Ndxe4 Bc7 13. Re1 Nxe4 14. Nxe4 Nf6
15. Nc5 Rb8 16. Nxb7 Rxb7 17. Bxc6 Rb8 18. Bxe8 Nxe8 19. Qd2 Qc8 20. f3 Qb7 21.
Kf2 Rd8 22. Bc3 e5 23. d5 Bb6+ 24. Kg2 f6 25. Rad1 Nd6 26. Qe2 e4 27. f4 Qd7
28. Bd4 Bg4 29. Qe3 Bf3+ 30. Kg1 Nf5 31. Qc3 Nxd4 32. Rxd4 Qh3 33. Kf2 Qg2+ 34.
Ke3 Rc8 35. b4 Bxd4+ 36. Kxd4 Qf2+ 37. Re3 Qxh2 38. c5 Qxg3 39. d6 Qxf4 40.
Qc4+ Kh7 41. Qd5 Rd8 42. b5 h5 43. Qe6 h4 44. Qe7 Qe5+ 45. Qxe5 fxe5+ 46. Kxe5
h3 47. c6 h2 48. Re1 e3 49. c7 Re8+ 50. Kf4 Rf8+ 51. Kg5 h1=Q 52. Rxh1+ Bxh1
53. d7 e2 54. d8=Q Rxd8 55. cxd8=Q e1=Q 56. Qd3+ Qe4 57. Qh3+ Kg8 58. Qc8+ Kf7
59. Qb8 Qe7+ 60. Kg4 Be4 61. a4 g6 62. a5 Qb7 63. Qe5 Bf5+ 64. Kg3 Bd7 65. Qf4+
Bf5 66. Qc4+ Kf8 67. Qc5+ Qe7 68. Qd4 Qc7+ 69. Kf3 Qxa5 70. Qh8+ Ke7 71. Qg7+
Kd6 72. Qf6+ Kc5 73. Qe5+ Kb6 74. Qd6+ Kxb5 75. Qd5+ Ka6 76. Qc4+ Kb7 77. Qf7+
Qc7 78. Qb3+ Kc8 79. Qg8+ Qd8 80. Qc4+ Kb8 81. Qb3+ Ka8 82. Kf4 Qd2+ 83. Ke5
Qa5+ 84. Kf4 Qc7+ 85. Kg5 a5 86. Qb5 Ka7 87. Qd5 Ka6 88. Qa8+ Kb5 89. Qd5+ Qc5
90. Qb7+ Kc4 91. Kf6 a4 92. Qa6+ Kb3 93. Qb7+ Qb4 94. Qd5+ Kb2 95. Qg2+ Bc2 96.
Kg5 a3 97. Qf2 a2 98. Qf6+ Qc3 99. Qb6+ Bb3 100. Qf2+ Qc2 101. Qd4+ Kb1 102.
Kh4 a1=Q 103. Qg1+ Kb2 104. Qd4+ Qc3 105. Qf2+ Ka3 106. Qa7+ Ba4 107. Qg1 Qd4+
108. Kh3 Qdxg1 0-1

[Event "Mittelfr. EM 2011 - Hauptturnier"]
[Site "Büchenbach"]
[Date "2011.04.21"]
[Round "6.17"]
[White "Alt, Norbert"]
[Black "Häßlein, Rainer"]
[Result "1-0"]
[WhiteElo "1880"]
[BlackElo "1552"]
[PlyCount "53"]
[EventDate "2011.??.??"]
[WhiteTeam "FC Pleinfeld VfL"]
[BlackTeam "SAbt Wolframs-Eschenbach"]

1. d4 g6 2. Nf3 Bg7 3. e3 e6 4. Bd3 d5 5. Nbd2 b6 6. Qe2 Bb7 7. O-O Ne7 8. c3
O-O 9. e4 c6 10. exd5 cxd5 11. Ne5 Nd7 12. Ndf3 Nxe5 13. Nxe5 Bc8 14. Bf4 Re8
15. Rfe1 f6 16. Nf3 h6 17. h3 g5 18. Bh2 h5 19. Bc2 Bd7 20. Qd3 g4 21. Qh7+ Kf8
22. hxg4 hxg4 23. Nh4 e5 24. dxe5 fxe5 25. Bxe5 Bxe5 26. Rxe5 Qc7 27. Bg6 1-0

[Event "Mittelfr. EM 2011 - Hauptturnier"]
[Site "Büchenbach"]
[Date "2011.04.22"]
[Round "7.1"]
[White "Hirn, Oskar"]
[Black "Meulner, Klaus"]
[Result "1/2-1/2"]
[WhiteElo "2243"]
[BlackElo "2119"]
[PlyCount "29"]
[EventDate "2011.??.??"]
[WhiteTeam "SC Noris-Tarrasch Nürnberg 1873"]
[BlackTeam "SW Nürnberg Süd e.V."]

1. d4 d5 2. Nf3 Nf6 3. c4 c6 4. Nc3 a6 5. cxd5 cxd5 6. Bf4 Nc6 7. e3 Bg4 8. h3
Bxf3 9. Qxf3 e6 10. Bd3 Bd6 11. Bg5 h6 12. Bh4 Be7 13. Rc1 Rc8 14. O-O g5 15.
Bg3 1/2-1/2